<?xml version="1.0" encoding="UTF-8"?>
<record
    xmlns:xsi="http://www.w3.org/2001/XMLSchema-instance"
    xsi:schemaLocation="http://www.loc.gov/MARC21/slim http://www.loc.gov/standards/marcxml/schema/MARC21slim.xsd"
    xmlns="http://www.loc.gov/MARC21/slim">

  <leader>00407    a2200169   4500</leader>
  <datafield tag="082" ind1=" " ind2=" ">
    <subfield code="a">004 NOR</subfield>
  </datafield>
  <datafield tag="090" ind1=" " ind2=" ">
    <subfield code="c">38719</subfield>
    <subfield code="d">38719</subfield>
  </datafield>
  <datafield tag="100" ind1=" " ind2=" ">
    <subfield code="a">Peter Norton</subfield>
  </datafield>
  <datafield tag="245" ind1=" " ind2=" ">
    <subfield code="a">INTRODUCTION TO COMPUTER 4th/Ed</subfield>
    <subfield code="c">Peter Norton</subfield>
  </datafield>
  <datafield tag="250" ind1=" " ind2=" ">
    <subfield code="a">4 th</subfield>
  </datafield>
  <datafield tag="260" ind1=" " ind2=" ">
    <subfield code="a">SINGAPUR</subfield>
    <subfield code="b">McGRAW HILL</subfield>
  </datafield>
  <datafield tag="300" ind1=" " ind2=" ">
    <subfield code="a">xxx.610.p</subfield>
  </datafield>
  <datafield tag="500" ind1=" " ind2=" ">
    <subfield code="a">CFT Textbook</subfield>
  </datafield>
  <datafield tag="520" ind1=" " ind2=" ">
    <subfield code="a">CFT Textbook</subfield>
  </datafield>
  <datafield tag="600" ind1=" " ind2=" ">
    <subfield code="a">Peter Norton</subfield>
  </datafield>
  <datafield tag="942" ind1=" " ind2=" ">
    <subfield code="a">NUST-CAE</subfield>
    <subfield code="k">004 NOR</subfield>
  </datafield>
  <datafield tag="999" ind1=" " ind2=" ">
    <subfield code="c">458723</subfield>
    <subfield code="d">458723</subfield>
  </datafield>
  <datafield tag="952" ind1=" " ind2=" ">
    <subfield code="0">0</subfield>
    <subfield code="1">0</subfield>
    <subfield code="4">0</subfield>
    <subfield code="7">0</subfield>
    <subfield code="a">CAE</subfield>
    <subfield code="b">CAE </subfield>
    <subfield code="d">2018-03-29</subfield>
    <subfield code="l">0</subfield>
    <subfield code="o">004 NOR</subfield>
    <subfield code="p">CAE74052</subfield>
    <subfield code="r">2018-03-29</subfield>
    <subfield code="w">2018-03-29</subfield>
    <subfield code="y">BK</subfield>
  </datafield>
  <datafield tag="952" ind1=" " ind2=" ">
    <subfield code="0">0</subfield>
    <subfield code="1">0</subfield>
    <subfield code="4">0</subfield>
    <subfield code="7">0</subfield>
    <subfield code="a">CAE</subfield>
    <subfield code="b">CAE </subfield>
    <subfield code="d">2018-03-29</subfield>
    <subfield code="l">0</subfield>
    <subfield code="o">004 NOR</subfield>
    <subfield code="p">CAE74078</subfield>
    <subfield code="r">2018-03-29</subfield>
    <subfield code="w">2018-03-29</subfield>
    <subfield code="y">BK</subfield>
  </datafield>
  <datafield tag="952" ind1=" " ind2=" ">
    <subfield code="0">0</subfield>
    <subfield code="1">0</subfield>
    <subfield code="4">0</subfield>
    <subfield code="7">0</subfield>
    <subfield code="a">CAE</subfield>
    <subfield code="b">CAE </subfield>
    <subfield code="d">2018-03-29</subfield>
    <subfield code="l">0</subfield>
    <subfield code="o">004 NOR</subfield>
    <subfield code="p">CAE74050</subfield>
    <subfield code="r">2018-03-29</subfield>
    <subfield code="w">2018-03-29</subfield>
    <subfield code="y">BK</subfield>
  </datafield>
  <datafield tag="952" ind1=" " ind2=" ">
    <subfield code="0">0</subfield>
    <subfield code="1">0</subfield>
    <subfield code="4">0</subfield>
    <subfield code="7">0</subfield>
    <subfield code="a">CAE</subfield>
    <subfield code="b">CAE </subfield>
    <subfield code="d">2018-03-29</subfield>
    <subfield code="l">0</subfield>
    <subfield code="o">004 NOR</subfield>
    <subfield code="p">CAE74064</subfield>
    <subfield code="r">2018-03-29</subfield>
    <subfield code="w">2018-03-29</subfield>
    <subfield code="y">BK</subfield>
  </datafield>
  <datafield tag="952" ind1=" " ind2=" ">
    <subfield code="0">0</subfield>
    <subfield code="1">0</subfield>
    <subfield code="4">0</subfield>
    <subfield code="7">0</subfield>
    <subfield code="a">CAE</subfield>
    <subfield code="b">CAE </subfield>
    <subfield code="d">2018-03-29</subfield>
    <subfield code="l">0</subfield>
    <subfield code="o">004 NOR</subfield>
    <subfield code="p">CAE76049</subfield>
    <subfield code="r">2018-03-29</subfield>
    <subfield code="w">2018-03-29</subfield>
    <subfield code="y">BK</subfield>
  </datafield>
  <datafield tag="952" ind1=" " ind2=" ">
    <subfield code="0">0</subfield>
    <subfield code="1">0</subfield>
    <subfield code="4">0</subfield>
    <subfield code="7">0</subfield>
    <subfield code="a">CAE</subfield>
    <subfield code="b">CAE </subfield>
    <subfield code="d">2018-03-29</subfield>
    <subfield code="l">0</subfield>
    <subfield code="o">004 NOR</subfield>
    <subfield code="p">CAE74049</subfield>
    <subfield code="r">2018-03-29</subfield>
    <subfield code="w">2018-03-29</subfield>
    <subfield code="y">BK</subfield>
  </datafield>
  <datafield tag="952" ind1=" " ind2=" ">
    <subfield code="0">0</subfield>
    <subfield code="1">0</subfield>
    <subfield code="4">0</subfield>
    <subfield code="7">0</subfield>
    <subfield code="a">CAE</subfield>
    <subfield code="b">CAE </subfield>
    <subfield code="d">2018-03-29</subfield>
    <subfield code="l">0</subfield>
    <subfield code="o">004 NOR</subfield>
    <subfield code="p">CAE74076</subfield>
    <subfield code="r">2018-03-29</subfield>
    <subfield code="w">2018-03-29</subfield>
    <subfield code="y">BK</subfield>
  </datafield>
  <datafield tag="952" ind1=" " ind2=" ">
    <subfield code="0">0</subfield>
    <subfield code="1">0</subfield>
    <subfield code="4">0</subfield>
    <subfield code="7">0</subfield>
    <subfield code="a">CAE</subfield>
    <subfield code="b">CAE </subfield>
    <subfield code="d">2018-03-29</subfield>
    <subfield code="l">0</subfield>
    <subfield code="o">004 NOR</subfield>
    <subfield code="p">CAE74055</subfield>
    <subfield code="r">2018-03-29</subfield>
    <subfield code="w">2018-03-29</subfield>
    <subfield code="y">BK</subfield>
  </datafield>
  <datafield tag="952" ind1=" " ind2=" ">
    <subfield code="0">0</subfield>
    <subfield code="1">0</subfield>
    <subfield code="4">0</subfield>
    <subfield code="7">0</subfield>
    <subfield code="a">CAE</subfield>
    <subfield code="b">CAE </subfield>
    <subfield code="d">2018-03-29</subfield>
    <subfield code="l">0</subfield>
    <subfield code="o">004 NOR</subfield>
    <subfield code="p">CAE74093</subfield>
    <subfield code="r">2018-03-29</subfield>
    <subfield code="w">2018-03-29</subfield>
    <subfield code="y">BK</subfield>
  </datafield>
  <datafield tag="952" ind1=" " ind2=" ">
    <subfield code="0">0</subfield>
    <subfield code="1">0</subfield>
    <subfield code="4">0</subfield>
    <subfield code="7">0</subfield>
    <subfield code="a">CAE</subfield>
    <subfield code="b">CAE </subfield>
    <subfield code="d">2018-03-29</subfield>
    <subfield code="l">0</subfield>
    <subfield code="o">004 NOR</subfield>
    <subfield code="p">CAE76025</subfield>
    <subfield code="r">2018-03-29</subfield>
    <subfield code="w">2018-03-29</subfield>
    <subfield code="y">BK</subfield>
  </datafield>
  <datafield tag="952" ind1=" " ind2=" ">
    <subfield code="0">0</subfield>
    <subfield code="1">0</subfield>
    <subfield code="4">0</subfield>
    <subfield code="7">0</subfield>
    <subfield code="a">CAE</subfield>
    <subfield code="b">CAE </subfield>
    <subfield code="d">2018-03-29</subfield>
    <subfield code="l">0</subfield>
    <subfield code="o">004 NOR</subfield>
    <subfield code="p">CAE76067</subfield>
    <subfield code="r">2018-03-29</subfield>
    <subfield code="w">2018-03-29</subfield>
    <subfield code="y">BK</subfield>
  </datafield>
  <datafield tag="952" ind1=" " ind2=" ">
    <subfield code="0">0</subfield>
    <subfield code="1">0</subfield>
    <subfield code="4">0</subfield>
    <subfield code="7">0</subfield>
    <subfield code="a">CAE</subfield>
    <subfield code="b">CAE </subfield>
    <subfield code="d">2018-03-29</subfield>
    <subfield code="l">0</subfield>
    <subfield code="o">004 NOR</subfield>
    <subfield code="p">CAE76050</subfield>
    <subfield code="r">2018-03-29</subfield>
    <subfield code="w">2018-03-29</subfield>
    <subfield code="y">BK</subfield>
  </datafield>
  <datafield tag="952" ind1=" " ind2=" ">
    <subfield code="0">0</subfield>
    <subfield code="1">0</subfield>
    <subfield code="4">0</subfield>
    <subfield code="7">0</subfield>
    <subfield code="a">CAE</subfield>
    <subfield code="b">CAE </subfield>
    <subfield code="d">2018-03-29</subfield>
    <subfield code="l">0</subfield>
    <subfield code="o">004 NOR</subfield>
    <subfield code="p">CAE76073</subfield>
    <subfield code="r">2018-03-29</subfield>
    <subfield code="w">2018-03-29</subfield>
    <subfield code="y">BK</subfield>
  </datafield>
  <datafield tag="952" ind1=" " ind2=" ">
    <subfield code="0">0</subfield>
    <subfield code="1">0</subfield>
    <subfield code="4">0</subfield>
    <subfield code="7">0</subfield>
    <subfield code="a">CAE</subfield>
    <subfield code="b">CAE </subfield>
    <subfield code="d">2018-03-29</subfield>
    <subfield code="l">0</subfield>
    <subfield code="o">004 NOR</subfield>
    <subfield code="p">CAEG-6173</subfield>
    <subfield code="r">2018-03-29</subfield>
    <subfield code="w">2018-03-29</subfield>
    <subfield code="y">BK</subfield>
  </datafield>
  <datafield tag="952" ind1=" " ind2=" ">
    <subfield code="0">0</subfield>
    <subfield code="1">0</subfield>
    <subfield code="4">0</subfield>
    <subfield code="7">0</subfield>
    <subfield code="a">CAE</subfield>
    <subfield code="b">CAE </subfield>
    <subfield code="d">2018-03-29</subfield>
    <subfield code="l">0</subfield>
    <subfield code="o">004 NOR</subfield>
    <subfield code="p">CAE76028</subfield>
    <subfield code="r">2018-03-29</subfield>
    <subfield code="w">2018-03-29</subfield>
    <subfield code="y">BK</subfield>
  </datafield>
  <datafield tag="952" ind1=" " ind2=" ">
    <subfield code="0">0</subfield>
    <subfield code="1">0</subfield>
    <subfield code="4">0</subfield>
    <subfield code="7">0</subfield>
    <subfield code="a">CAE</subfield>
    <subfield code="b">CAE </subfield>
    <subfield code="d">2018-03-29</subfield>
    <subfield code="l">0</subfield>
    <subfield code="o">004 NOR</subfield>
    <subfield code="p">CAE76038</subfield>
    <subfield code="r">2018-03-29</subfield>
    <subfield code="w">2018-03-29</subfield>
    <subfield code="y">BK</subfield>
  </datafield>
</record>
